000 00769nam a2200229Ii 4500
003 JO-AjNU
008 230605s9999||||xx |||||||||||||| ||und||
017 _a2001/7/1890
020 _a9957-07-322-2
040 _aJO-AjNU
_bara
_erda
_cJO-AjNU
041 _aara
050 1 4 _aQ181.S24 2002
100 3 _aسلامة، عادل ابو العز,
_eauthor
_941664
245 0 0 _aطرائق تدريس العلوم ودورها في تنمية التفكير
250 _aط1
264 3 1 _aعمان:دار الفكر ، 2002
300 _a487ص
336 _atext
_btxt
_2rdacontent
337 _aunmediated
_bn
_2rdamedia
338 _avolume
_bnc
_2rdacarrier
650 4 _aالتفكير المبدع -اساليب التدريس- طرائق التعليم
_941665
999 _aA17780
_c21348
_d21348